| 000 | 00423cam a2200169ua 4500 | ||
|---|---|---|---|
| 020 | _cRs.15/- | ||
| 041 |
_aeng _h |
||
| 082 |
_a420 _bHAL/SE |
||
| 100 | _aHall, Joseph . | ||
| 245 |
_aselection romrealy medle 1130-1250 / _cHall,Joseph. _hTextual Documents |
||
| 260 |
_a : _bClaeendor press, Oxford , _c1963. |
||
| 300 | _a222 ; . | ||
| 365 | _aRs.15/- | ||
| 504 | _a | ||
| 942 | _cBK | ||
| 999 |
_c11999 _d11999 |
||